000 00295nam a22001337a 4500
008 171024b xxu||||| |||| 00| 0 eng d
020 _a9780534362348
041 _aeng
080 _a311
100 _a55
101 _aSTA
245 _aSUCCEDING IN STATISTICS
_cSHIFFLER,R.E
942 _2udc
_cBK
999 _c35622
_d35622